000 00594nam a22002053a 4500
005 20250220063745.0
008 010914s1998 mx r 000 0 spa d
020 _a9701802438
035 _aUPN01000111499
049 _aCG
050 4 _aZ107
_bE7.2
100 1 _aEscalante Gonzalbo, Pablo,
_d1963-
_930882
245 1 4 _aLos códices /
_cPablo Escalante Gonzalbo.
260 _aMéxico :
_bCNCA, Dirección General de Publicaciones,
_c1998.
300 _a63 p. :
_bil.
440 0 _aTercer milenio
650 4 _aManuscritos mexicanos
_917917
650 2 _aManuscritos
_97359
905 _aLibro
999 _c85407
_d85407